| 000 | 00548nam a2200205Ia 4500 | ||
|---|---|---|---|
| 003 | GCL | ||
| 008 | 140319s9999 xx 000 0 eng d | ||
| 040 |
_aGCL / _cGCL |
||
| 082 | 0 | 4 |
_a634.6 _bW A |
| 100 | 1 | _aWEBSTER, C. C. | |
| 245 | 1 | 0 |
_aAGRICULTURE IN THE TROPICS, 2 ND ED. / _cWEBSTER, C. C. |
| 700 | 1 | _aWILSON, P. N. | |
| 260 |
_a[S.N] : _bEDUCATIONAL LOW-PRICED BOOKS SCHEME ، _c1988 |
||
| 300 | _a640\P | ||
| 650 | 0 | 4 | _aTROPICAL CROPS |
| 650 | 0 | 4 | _aAGRICULTURE |
| 650 | 0 | 4 | _aTROPICAL SOIL |
| 650 | 0 | 4 | _aFARM PRODUCE |
| 942 |
_2ddc _cBK |
||
| 999 |
_c19950 _d19950 |
||